Statistics for Countries Apart From Vatican City That.....

Click here to take the quiz!

General Stats

  • This quiz has been taken 67 times
  • The average score is 17 of 22

Answer Stats

Answer% Correct
Begin With VVenezuela
94%
Begin With VVanuatu
94%
Border ItalySan Marino
92%
Border ItalyFrance
91%
Border ItalyAustria
88%
Are smaller than 50 sq KmMonaco
86%
Begin With VVietnam
84%
Border ItalySlovenia
84%
Have a capital ending in CityMexico
83%
Border ItalySwitzerland
81%
End in YUruguay
78%
End in YParaguay
78%
End in YGermany
78%
Are smaller than 50 sq KmNauru
73%
End in YItaly
70%
Have a capital ending in CityPanama
69%
Are smaller than 50 sq KmTuvalu
67%
End in YHungary
67%
Have a capital ending in CityGuatemala
66%
Have a capital ending in CityKuwait
63%
End in YNorway
58%
End in YTurkey
55%

Score Distribution

Percentile by Number Answered

Percent of People with Each Score

Your Score History

You have not taken this quiz